MAASAI MARA UNIVERSITY

LIBRARY CATALOGUE

Contact Us: +254 020 2685356/7 or 0774 057787

Box: 861-20500, NAROK, KENYA

Email: info@mmarau.ac.ke

Mboya Tom (Record no. 1411)

MARC details
000 -LEADER
fixed length control field 00393nam a2200169Ia 4500
003 - CONTROL NUMBER IDENTIFIER
control field OSt
005 - DATE AND TIME OF LATEST TRANSACTION
control field 20190403112445.0
008 - FIXED-LENGTH DATA ELEMENTS--GENERAL INFORMATION
fixed length control field 151015s9999 xx 000 0 und d
020 ## - INTERNATIONAL STANDARD BOOK NUMBER
International Standard Book Number 9966469745
040 ## - CATALOGING SOURCE
Original cataloging agency MMU
Language of cataloging MMU
Transcribing agency MMU
050 ## - LIBRARY OF CONGRESS CALL NUMBER
Classification number DT434.E27M35
245 ## - TITLE STATEMENT
Title Mboya Tom
250 ## - EDITION STATEMENT
Edition statement _Freedom and After
300 ## - PHYSICAL DESCRIPTION
Extent Nairobi EAEP
650 ## - SUBJECT ADDED ENTRY--TOPICAL TERM
Topical term or geographic name as entry element _Trade unions
942 ## - ADDED ENTRY ELEMENTS (KOHA)
Source of classification or shelving scheme Library of Congress Classification
Koha item type L

No items available.

© 2016 Maasai Mara University.